Arsenal FC Players By Market Value (2023/24 Season) - Statistics

General Stats
  • This quiz has been taken 381 times
    227 since last reset
  • The average score is 9 of 15
Answer Stats
Market Value Players % Correct
€120.00m Bukayo Saka
100%
€90.00m Martin Ødegaard/Declan Rice
98%
€80.00m Gabriel Martinelli
88%
€55.00m Ben White/Gabriel Magalhães/Kai Havertz
80%
€65.00m William Saliba
80%
€75.00m Gabriel Jesus
75%
€40.00m Aaron Ramsdale
62%
€35.00m Thomas Partey/Emile Smith Rowe/Leandro Trossard
62%
€42.00m Oleksandr Zinchenko/Jurrien Timber
61%
€25.00m Jorginho/Takehiro Tomiyasu/Eddie Nketiah/Jakub Kiwior/Fábio Vieira
57%
€30.00m David Raya
52%
€12.00m Reiss Nelson
37%
€6.00m Mohamed Elneny
25%
€1.50m Karl Hein
20%
€3.00m Cédric Soares
15%
No matching quizzes found
Score Distribution
Percent of People with Each Score
Percentile by Number Answered
Your Score History
You have not taken this quiz since the last reset